01485nam a22002778a 4500001001600000003000700016005001700023006001900040007001500059008004100074020002600115020002900141020003000170040002400200050002300224082001400247100003000261245017000291264005200461300005900513336002600572337002600598338003600624500007300660520047400733CR9781107325135UkCbUP20170413094212.0m|||||o||d||||||||cr||||||||||||130124s2013||||enk s ||1 0|eng|d a9781107325135 (ebook) z9781107042230 (hardback) z9781107640795 (paperback) aUkCbUPcUkCbUPerda00aJZ1318 b.O63 201300a341.22231 aTallberg, Jonas,eauthor.14aThe Opening Up of International Organizations :bTransnational Access in Global Governance /cJonas Tallberg, Thomas Sommerer, Theresa Squatrito, Christer Jönsson. 1aCambridge :bCambridge University Press,c2013. a1 online resource (334 pages) :bdigital, PDF file(s). atextbtxt2rdacontent acomputerbc2rdamedia aonline resourcebcr2rdacarrier aTitle from publisher's bibliographic system (viewed on 09 Oct 2015). aOnce the exclusive preserve of member states, international organizations have become increasingly open in recent decades. Now virtually all international organizations at some level involve NGOs, business actors and scientific experts in policy-making. This book offers the first systematic and comprehensive analysis of this development. Combining statistical analysis and in-depth case studies, it maps and explains the openness of international organizations across